000
002410000a22000970004500
100
1
_a
Athyal, Saphir
245
1
0
_a
The Old Testament contextualisations
300
_a
Núm 80 (1997), Páginas 8-9
773
0
_t
World Evangelization
942
_c
ANA
999
_c
57496
_d
57496